Sports Quiz

Random Sports or NHL Quiz

Ex Detroit Red Wings as Stanley Cup Champions Quiz Stats

 Plays Quiz not verified by Sporcle

Score 0/30 Timer 20:00
0 Plays Today
Hint Answer % Correct
Chicago Blackhawks (2015, 2013, 2010)Marian Hossa
95.1%
Dallas Stars (1999)Brett Hull
65.6%
Dallas Stars (1999)Mike Modano
60.7%
Pittsburgh Penguins (1991) Edmonton Oilers (1987, 1985, 1984)Paul Coffey
60.7%
Pittsburgh Penguins (1992, 1991)Larry Murphy
57.4%
Edmonton Oilers (1990)Joe Murphy
57.4%
Chicago Blackhawks (2015) Tampa Bay Lightning (2004)Brad Richards
55.7%
Chicago Blackhawks (2010)Tomas Kopecky
50.8%
New Jersey Devils (2003, 2000)Brian Rafalski
41%
Montreal Canadiens (1993)Mathieu Schneider
39.3%
Carolina Hurricanes (2006)Aaron Ward
37.7%
Dallas Stars (1999)Derian Hatcher
34.4%
Carolina Hurricanes (2006)Ray Whitney
32.8%
Colorado Avalanche (1996)Uwe Krupp
32.8%
Dallas Stars (1999)Pat Verbeek
31.1%
Hint Answer % Correct
Edmonton Oilers (1990)Petr Klima
31.1%
New York Rangers (1994) Edmonton Oilers (1990)Adam Graves
29.3%
Carolina Hurricanes (2006)Erik Cole
24.6%
Pittsburgh Penguins (1992, 1991)Ulf Samuelsson
23%
New York Rangers (1994)Joe Kocur
21.3%
Tampa Bay Lightning (2004)Tim Taylor
19.7%
Pittsburgh Penguins (1992, 1991)Bob Errey
18%
Edmonton Oilers (1990)Bill Ranford
18%
Anaheim Ducks (2007)Brad May
16.4%
Carolina Hurricanes (2006)Mike Commodore
11.5%
Anaheim Ducks (2007)Kent Huskins
9.8%
Anaheim Ducks (2007)Mark Hartigan
8.2%
Pittsburgh Penguins (1992)Ken Wregget
8.2%
New Jersey Devils (2000, 1995)Randy McKay
4.9%
Edmonton Oilers (1990) Mark Lamb
4.9%

You're not logged in!

Compare scores with friends on all Sporcle quizzes.
OR
Log In

Sporcle TV

Today on Sporcle TV


Watch our educational content, quiz creation guides, and fun videos on Sporcle TV.

Show Comments

Extras

Created Aug 6, 2016ReportNominate
Tags:NHL Quiz, Detroit Red Wings

Top Quizzes Today


Score Distribution

Your Account Isn't Verified!

In order to create a playlist on Sporcle, you need to verify the email address you used during registration. Go to your Sporcle Settings to finish the process.

Report this User

Report this user for behavior that violates our Community Guidelines.

Details: